| 000 | 00385nam a2200157Ia 4500 | ||
|---|---|---|---|
| 008 | 230312s9999||||xx |||||||||||||| ||und|| | ||
| 020 | _a3540-61652-7 | ||
| 082 |
_a620.106076 _bSPU-F |
||
| 100 | _aJoseph H. Spurk | ||
| 245 | 0 | _aFluid Machanics: Problem and Solutions | |
| 260 |
_bSpringer _aNew york _c2006 |
||
| 300 | _a601 | ||
| 546 | _aEng. | ||
| 650 | _aEngineering | ||
| 942 | _cBK | ||
| 999 |
_c4770 _d4770 |
||